[Event "13th Dubai open 2011"]
[Site "Dubai Chess club"]
[Date "2011.04.12"]
[Round "3"]
[Board "1"]
[White "Sai, Krishna"]
[Black "Schmidt, Jade"]
[Result "1-0"]
[WhiteElo "2349"]
[BlackElo "2077"]
[PlyCount "75"]
[EventDate "2011.04.10"]
[EventRounds "9"]
[EventCountry "UAE"]

1.e4 c5 2.Nf3 d6 3.d4 cxd4 4.Nxd4 Nf6 5.Nc3 Nc6 6.Bg5 Bd7 7.Qd2 Rc8 8.Bxf6 gxf6
9.Nf5 Qa5 10.Bd3 Ne5 11.O-O Rg8 12.Kh1 e6 13.Ne3 Bh6 14.f4 Ng6 15.Nc4 Qc5 16.Be2
Ke7 17.Rad1 Rcd8 18.b4 Qc7 19.Ne3 Qb8 20.f5 Bxe3 21.Qxe3 Ne5 22.Qh6 Rdf8 23.Nb5
Bxb5 24.Bxb5 Qc8 25.Ba4 Rg4 26.Bb3 Qc6 27.fxe6 fxe6 28.Bxe6 Rg6 29.Qh3 h5 30.Bf5
Rg5 31.Qb3 Nc4 32.b5 Qc5 33.Rd5 Na5 34.Rxc5 Nxb3 35.Rc7+ Kd8 36.Rc8+ Ke7 37.Rxf8
Nd2 38.Rd1

[Event "13th Dubai open 2011"]
[Site "Dubai Chess club"]
[Date "2011.04.12"]
[Round "3"]
[Board "1"]
[White "Alhuwar, Jasem"]
[Black "Ramalingam, Karthik"]
[Result "1/2-1/2"]
[WhiteElo "2334"]
[BlackElo "2063"]
[PlyCount "99"]
[EventDate "2011.04.10"]
[EventRounds "9"]
[EventCountry "UAE"]

1.Nf3 Nf6 2.g3 b6 3.Bg2 Bb7 4.O-O e6 5.d3 d5 6.e4 dxe4 7.Ng5 h6 8.Nxe4 Nxe4
9.dxe4 Qxd1 10.Rxd1 Nd7 11.Nc3 O-O-O 12.a4 a5 13.Nb5 Bc5 14.h3 Nf6 15.Re1 e5
16.Rb1 Ba6 17.Bf1 Bb7 18.Bd3 Bb4 19.Re2 c6 20.Nc3 Bxc3 21.bxc3 Kc7 22.Be3 c5
23.f3 Ne8 24.Kf2 Nd6 25.Ree1 Bc6 26.Ra1 Rdf8 27.g4 h5 28.Kg3 hxg4 29.hxg4 Rh7
30.Bg1 Rfh8 31.Bf1 g5 32.Be3 f6 33.Bg1 Bd7 34.Red1 Bc6 35.Re1 Nc8 36.Red1 Ne7
37.Kf2 Ng6 38.Ke3 Nf4 39.Rd2 Rh1 40.Bg2 R1h7 41.Bf1 Rd7 42.Rxd7+ Bxd7 43.Kf2 Bc6
44.Ke3 Rh1 45.Kf2 Rh7 46.Ke3 Rd7 47.Bf2 Rh7 48.Bg1 Rd7 49.Bf2 Rh7 50.Bg1

[Event "13th Dubai open 2011"]
[Site "Dubai Chess club"]
[Date "2011.04.12"]
[Round "3"]
[Board "1"]
[White "Daulyte, Deimante"]
[Black "Pabalan, Rocky"]
[Result "1-0"]
[WhiteElo "2293"]
[BlackElo "2062"]
[PlyCount "65"]
[EventDate "2011.04.10"]
[EventRounds "9"]
[EventCountry "UAE"]

1.e4 c5 2.Nf3 d6 3.d4 cxd4 4.Nxd4 Nf6 5.Nc3 a6 6.Bg5 e6 7.f4 Be7 8.Qe2 Qb6
9.O-O-O Nc6 10.Nb3 Qc7 11.g4 b5 12.a3 Rb8 13.Bh4 b4 14.axb4 Rxb4 15.Be1 d5
16.exd5 exd5 17.g5 Bg4 18.Qg2 Rxb3 19.cxb3 Qxf4+ 20.Bd2 Qf5 21.gxf6 Nb4 22.Be3
Bxf6 23.Rxd5 Qe6 24.Qd2 Bf3 25.Bc4 Nxd5 26.Nxd5 Bxd5 27.Bxd5 Qd7 28.Bc5 Be5
29.Re1 f6 30.Qg2 Kd8 31.Rd1 Kc7 32.Be4 Qb5 33.Qxg7+

[Event "13th Dubai open 2011"]
[Site "Dubai Chess club"]
[Date "2011.04.12"]
[Round "3"]
[Board "1"]
[White "El Jawich, Amro"]
[Black "Nemcova, Katerina"]
[Result "0-1"]
[WhiteElo "2109"]
[BlackElo "2289"]
[PlyCount "138"]
[EventDate "2011.04.10"]
[EventRounds "9"]
[EventCountry "UAE"]

1.e4 e5 2.Nf3 Nc6 3.Nc3 g6 4.d4 exd4 5.Nxd4 Bg7 6.Be3 Nf6 7.Be2 O-O 8.O-O Re8
9.Nxc6 bxc6 10.Bf3 Bb7 11.Re1 d6 12.Qd2 a5 13.Bg5 Qe7 14.Rad1 Qf8 15.h4 Nd7
16.Bg4 Ne5 17.Be2 Ba6 18.Bxa6 Rxa6 19.b3 Raa8 20.Bf4 Ng4 21.f3 Nf6 22.Ne2 Nh5
23.Bg5 d5 24.exd5 Qc5+ 25.Kh2 Qf2 26.Nf4 Qg3+ 27.Kg1 Nxf4 28.Rxe8+ Rxe8 29.Bxf4
Qxh4 30.dxc6 Bf8 31.g3 Qf6 32.Re1 Rd8 33.Qe2 Qxc6 34.c4 Bb4 35.Rd1 Re8 36.Qd3
Qc5+ 37.Kg2 Qe7 38.Qe4 Qf8 39.Qd3 Qg7 40.Bxc7 Qb2+ 41.Kh3 h5 42.Bb6 Qxa2 43.Bg1
Qb2 44.c5 Qe5 45.Qd7 Be1 46.Bh2 Re7 47.Qd8+ Kh7 48.Qd5 Qe2 49.Qd3 Qe6+ 50.Kg2
Qe5 51.Bg1 Qg5 52.f4 Qg4 53.Rxe1 Rxe1 54.Bf2 Re2 55.c6 h4 56.Kf1 Re7 57.gxh4
Qxf4 58.Kg2 Qb4 59.h5 Qg4+ 60.Qg3 Qxh5 61.c7 Qd5+ 62.Kh2 Qh5+ 63.Kg2 Re8 64.Qh3
Qxh3+ 65.Kxh3 Kg7 66.Bb6 Kf6 67.Bxa5 Ke6 68.Bd2 Kd7 69.Bf4 Re4

[Event "13th Dubai open 2011"]
[Site "Dubai Chess club"]
[Date "2011.04.13"]
[Round "4"]
[Board "1"]
[White "Volkov, Sergey"]
[Black "Guliev, Sarhan"]
[Result "1-0"]
[WhiteElo "2621"]
[BlackElo "2497"]
[PlyCount "93"]
[EventDate "2011.04.10"]
[EventRounds "9"]
[EventCountry "UAE"]

1.d4 d5 2.c4 e6 3.Nc3 c5 4.cxd5 exd5 5.Nf3 Nc6 6.g3 Nf6 7.Bg2 Be7 8.O-O cxd4
9.Nxd4 O-O 10.Bg5 h6 11.Be3 Re8 12.Qc2 Bg4 13.h3 Bh5 14.Rad1 Bb4 15.g4 Bg6
16.Qb3 Bxc3 17.Nxc6 bxc6 18.Qxc3 Re6 19.Bd4 Ne4 20.Bxe4 Bxe4 21.f3 Bh7 22.e3 f5
23.Rd2 Qc7 24.Rg2 f4 25.g5 h5 26.exf4 Qxf4 27.Bxg7 Rae8 28.Qd4 Qf5 29.Bf6 Re1
30.Rxe1 Rxe1+ 31.Kf2 Qxh3 32.Kxe1 Qxg2 33.Qxa7 Qh1+ 34.Kd2 Qg2+ 35.Kc3 Qxf3+
36.Kb4 {Diagram #} Qe4+ 37.Ka5 Kf8 38.Qb8+ Kf7 39.Qc7+ Kf8 40.Qxc6 Bg6 41.b4 Be8
42.Qc7 Bf7 43.b5 d4 44.Qd8+ Qe8 45.Qxe8+ Kxe8 46.b6 Kd7 47.b7

[Event "13th Dubai open 2011"]
[Site "Dubai Chess club"]
[Date "2011.04.13"]
[Round "4"]
[Board "1"]
[White "Negi, Parimarjan"]
[Black "Lalith, Babu M R"]
[Result "1-0"]
[WhiteElo "2618"]
[BlackElo "2491"]
[PlyCount "101"]
[EventDate "2011.04.10"]
[EventRounds "9"]
[EventCountry "UAE"]

1.e4 c6 2.d4 d5 3.Nd2 dxe4 4.Nxe4 Bf5 5.Ng3 Bg6 6.h4 h6 7.Nf3 Nd7 8.h5 Bh7 9.Bd3
Bxd3 10.Qxd3 e6 11.Bf4 Qa5+ 12.Bd2 Qc7 13.O-O-O Ngf6 14.Ne4 Be7 15.Nxf6+ Bxf6
16.g3 Qb6 17.Kb1 Rd8 18.Rhe1 Be7 19.c4 Nf6 20.Qe2 Bb4 21.Bxb4 Qxb4 22.g4 Qe7
23.Ne5 O-O 24.f4 Nd7 25.Nf3 Qd6 26.Qe3 Nf6 27.Ne5 Nd7 28.Nd3 Nf6 29.g5 Ng4
30.Qh3 f5 31.gxf6 Nxf6 32.Nc5 Rf7 33.Nxe6 Re8 34.f5 b5 35.cxb5 cxb5 36.Re5 a6
37.Rg1 Ree7 38.Qg2 Ra7 39.Ka1 Kh8 40.Rc5 Qd7 41.Qg6 Ng8 42.a3 Rf6 43.Qg4 b4
44.axb4 Rb7 45.Kb1 Rf7 46.d5 Nf6 47.Qg6 Ng8 48.Qg4 Nf6 49.Qd4 Ne8 50.Rc6 Rf6
51.Nxg7

[Event "13th Dubai open 2011"]
[Site "Dubai Chess club"]
[Date "2011.04.13"]
[Round "4"]
[Board "1"]
[White "Sasikiran, Krishnan"]
[Black "Petrosian, Davit G"]
[Result "1-0"]
[WhiteElo "2682"]
[BlackElo "2480"]
[PlyCount "73"]
[EventDate "2011.04.10"]
[EventRounds "9"]
[EventCountry "UAE"]

1.d4 Nf6 2.c4 g6 3.Nc3 Bg7 4.g3 O-O 5.Bg2 d6 6.Nf3 c5 7.d5 e5 8.dxe6 Bxe6 9.Ng5
Bxc4 10.Bxb7 Nbd7 11.Qxd6 h6 12.Nh3 g5 13.O-O Rb8 14.Bg2 Qa5 15.Qd1 Rfe8 16.Kh1
Bb3 17.axb3 {Diagram #} Qxa1 18.f4 gxf4 19.gxf4 Rbd8 20.e4 Ne5 21.Qc2 Nd3 22.e5
Nb4 23.Qf5 Nh7 24.Be4 Nf8 25.Qg4 Ng6 26.Rg1 Nd3 27.f5 Ndxe5 28.Qg2 Qa6 29.Nf4
Qf6 30.fxg6 fxg6 31.Nxg6 Nxg6 32.Bxg6 Rf8 33.Be4 Rde8 34.Nd5 Qd4 35.Bxh6 Qxe4
36.Qxe4 Rxe4 37.Bxg7

[Event "13th Dubai open 2011"]
[Site "Dubai Chess club"]
[Date "2011.04.13"]
[Round "4"]
[Board "1"]
[White "Kotanjian, Tigran"]
[Black "Miroshnichenko, Evgenij"]
[Result "1/2-1/2"]
[WhiteElo "2527"]
[BlackElo "2670"]
[PlyCount "43"]
[EventDate "2011.04.10"]
[EventRounds "9"]
[EventCountry "UAE"]

1.d4 f5 2.c4 Nf6 3.Nc3 d6 4.Nf3 g6 5.g3 Bg7 6.Bg2 O-O 7.O-O Qe8 8.d5 Na6 9.Rb1
Nc5 10.b4 Nce4 11.Bb2 e5 12.dxe6 Bxe6 13.Nd2 Nxc3 14.Bxc3 Rb8 15.Qc2 Rf7 16.a4
g5 17.c5 dxc5 18.bxc5 b6 19.Nb3 f4 20.Nd4 Bd5 21.Nf5 Bxg2 22.Kxg2 {Game finished
at move 33!}

[Event "13th Dubai open 2011"]
[Site "Dubai Chess club"]
[Date "2011.04.13"]
[Round "4"]
[Board "1"]
[White "Salem A R, Saleh"]
[Black "Mchedlishvili, Mikheil"]
[Result "0-1"]
[WhiteElo "2511"]
[BlackElo "2629"]
[PlyCount "62"]
[EventDate "2011.04.10"]
[EventRounds "9"]
[EventCountry "UAE"]

1.d4 d6 2.e4 g6 3.Nc3 Bg7 4.Bg5 a6 5.f4 b5 6.Nf3 Bb7 7.Bd3 Nd7 8.a4 b4 9.Ne2 c5
10.c3 Ngf6 11.Ng3 Qa5 12.O-O O-O 13.Qe2 bxc3 14.bxc3 e6 15.Rac1 Rac8 16.e5 Nd5
17.f5 Nxc3 18.Rxc3 Qxc3 19.f6 Bh8 20.Be4 Rb8 21.Bd2 Qa3 22.Ng5 Bxe4 23.Qxe4 Qxa4
24.Be3 h6 25.Nxe6 Rfe8 26.Nc7 Nxf6 27.Qf3 cxd4 28.Ne4 dxe3 29.Nd5 Rxe5 30.Nexf6+
Bxf6 31.Qxf6 Qe8

[Event "13th Dubai open 2011"]
[Site "Dubai Chess club"]
[Date "2011.04.13"]
[Round "4"]
[Board "1"]
[White "Balogh, Csaba"]
[Black "Grigoryan, Karen H"]
[Result "1-0"]
[WhiteElo "2601"]
[BlackElo "2463"]
[PlyCount "67"]
[EventDate "2011.04.10"]
[EventRounds "9"]
[EventCountry "UAE"]

1.e4 c5 2.Nf3 d6 3.d4 cxd4 4.Nxd4 Nf6 5.Nc3 a6 6.Bg5 e6 7.f4 h6 8.Bh4 Be7 9.Qf3
g5 10.fxg5 Nfd7 11.Nxe6 fxe6 12.Qh5+ Kf8 13.Bb5 Rh7 14.O-O+ Kg8 15.g6 Rg7 16.Rf7
Bxh4 17.Qxh6 Rxf7 18.gxf7+ Kxf7 19.Rf1+ Bf6 20.Qh7+ Ke8 21.Qg6+ Kf8 22.Qh6+ Kf7
23.Qh7+ Ke8 24.Qg6+ Kf8 25.e5 {Diagram #} dxe5 26.Ne4 Qb6+ 27.Kh1 Qxb5 28.Nxf6
Nxf6 29.Qxf6+ Kg8 30.Qg5+ Kh8 31.Qd8+ Kg7 32.Qf8+ Kh7 33.Qf7+ Kh8 34.Rf3

[Event "13th Dubai open 2011"]
[Site "Dubai Chess club"]
[Date "2011.04.13"]
[Round "4"]
[Board "1"]
[White "Iskusnyh, Sergei"]
[Black "Gagunashvili, Merab"]
[Result "1/2-1/2"]
[WhiteElo "2481"]
[BlackElo "2599"]
[PlyCount "66"]
[EventDate "2011.04.10"]
[EventRounds "9"]
[EventCountry "UAE"]

1.d4 d6 2.Nf3 Bg4 3.c4 Nd7 4.Nc3 Bxf3 5.exf3 g6 6.Be3 Bg7 7.Qd2 e6 8.g4 h5
9.O-O-O Ngf6 10.g5 Ng8 11.d5 e5 12.f4 exf4 13.Bd4 Ne5 14.Qxf4 Ne7 15.Qe4 O-O
16.f4 Nd7 17.Bxg7 Kxg7 18.Bh3 Kh7 19.Rhe1 Ng8 20.Re3 f5 21.gxf6 Nc5 22.Qf3 Qxf6
23.f5 Qg5 24.fxg6+ Kg7 25.Qg3 Qxg3 26.Rxg3 Rae8 27.Nb5 Rf4 28.Nxc7 Re2 29.Kb1
Rxh2 30.b4 Rff2 31.bxc5 Rb2+ 32.Ka1 Rxa2+ 33.Kb1 Rhb2+

[Event "13th Dubai open 2011"]
[Site "Dubai Chess club"]
[Date "2011.04.13"]
[Round "4"]
[Board "1"]
[White "Amin, Bassem"]
[Black "Huschenbeth, Niclas"]
[Result "1-0"]
[WhiteElo "2596"]
[BlackElo "2465"]
[PlyCount "55"]
[EventDate "2011.04.10"]
[EventRounds "9"]
[EventCountry "UAE"]

1.Nf3 d5 2.e3 Nf6 3.b3 Bg4 4.Bb2 Nbd7 5.c4 e6 6.Be2 c6 7.O-O Bd6 8.d3 O-O 9.Nbd2
Qe7 10.a3 Bh5 11.Re1 e5 12.cxd5 cxd5 13.e4 d4 14.b4 b5 15.Nxd4 exd4 16.Bxh5 Qe5
17.Nf3 Qxh5 18.e5 Nxe5 19.Nxe5 Qxd1 20.Raxd1 Rac8 21.Nf3 a5 22.Nxd4 axb4 23.Nxb5
bxa3 24.Nxd6 axb2 25.Nxc8 Rxc8 26.Kf1 g6 27.Rd2 Kf8 28.Red1

[Event "13th Dubai open 2011"]
[Site "Dubai Chess club"]
[Date "2011.04.13"]
[Round "4"]
[Board "1"]
[White "Laxman, R R"]
[Black "Fedorov, Alexei"]
[Result "1/2-1/2"]
[WhiteElo "2462"]
[BlackElo "2596"]
[PlyCount "77"]
[EventDate "2011.04.10"]
[EventRounds "9"]
[EventCountry "UAE"]

1.Nf3 Nf6 2.d4 g6 3.Bg5 Bg7 4.Nbd2 d6 5.c3 O-O 6.e3 Nbd7 7.Be2 Qe8 8.O-O e5
9.Bh4 Nb6 10.dxe5 dxe5 11.a4 a5 12.Nc4 Nxc4 13.Bxc4 Ne4 14.Qd5 c6 15.Qd3 Bf5
16.Qe2 Bf6 17.Bxf6 Nxf6 18.h3 Qe7 19.Nh4 Bd7 20.e4 Nh5 21.Nf3 Qc5 22.Rfd1 Nf6
23.Rd2 Rae8 24.Rad1 Be6 25.Bxe6 Rxe6 26.Ng5 Re7 27.g3 Kg7 28.Kg2 h6 29.Nf3 b5
30.axb5 cxb5 31.Rd6 b4 32.Ra6 bxc3 33.bxc3 Qxc3 34.Rdd6 Ng8 35.Nh4 Kh7 36.Rdc6
Qb4 37.Rcb6 Qc3 38.Rc6 Qb4 39.Rcb6

[Event "13th Dubai open 2011"]
[Site "Dubai Chess club"]
[Date "2011.04.13"]
[Round "4"]
[Board "1"]
[White "Pantsulaia, Levan"]
[Black "Shyam, Sundar M"]
[Result "0-1"]
[WhiteElo "2595"]
[BlackElo "2457"]
[PlyCount "108"]
[EventDate "2011.04.10"]
[EventRounds "9"]
[EventCountry "UAE"]

1.Nf3 Nf6 2.c4 g6 3.g3 Bg7 4.Bg2 O-O 5.O-O d5 6.cxd5 Nxd5 7.d4 Nb6 8.Nc3 Nc6
9.e3 Re8 10.Re1 e5 11.d5 Ne7 12.e4 Bg4 13.h3 Bxf3 14.Qxf3 c6 15.Rd1 cxd5 16.exd5
Nf5 17.Qd3 Nc8 18.Ne4 Ncd6 19.Bg5 Qb6 20.Nf6+ Bxf6 21.Bxf6 Nxg3 {Diagram #}
22.Re1 Nge4 23.Bh4 f5 24.Rad1 Rac8 25.Bxe4 fxe4 26.Qb3 Qxb3 27.axb3 Rc2 28.Rc1
Rxc1 29.Rxc1 Rc8 30.Ra1 Rc5 31.Rxa7 Kf7 32.Bd8 Rxd5 33.Bc7 Ne8 34.Bb6 Rd7 35.Ra4
Nf6 36.Be3 Ke6 37.Rb4 Kf5 38.Rb5 g5 39.Kh2 h5 40.Kg1 Nd5 41.Ba7 Ke6 42.Ra5 Nf4
43.h4 gxh4 44.Be3 Nd5 45.Bd2 Kf5 46.Ra8 Kg4 47.Rg8+ Kh3 48.Kf1 Nf6 49.Rg6 Rxd2
50.Rxf6 Rxb2 51.Rb6 e3 52.fxe3 Kg3 53.Rxb7 h3 54.Rg7+ Kh4

[Event "13th Dubai open 2011"]
[Site "Dubai Chess club"]
[Date "2011.04.13"]
[Round "4"]
[Board "1"]
[White "Guseinov, Gadir"]
[Black "Koohestani, Sh"]
[Result "1-0"]
[WhiteElo "2584"]
[BlackElo "2345"]
[PlyCount "161"]
[EventDate "2011.04.10"]
[EventRounds "9"]
[EventCountry "UAE"]

1.e4 c5 2.Nc3 e6 3.Nf3 a6 4.d4 cxd4 5.Nxd4 Qc7 6.g3 Nf6 7.Bg2 d6 8.O-O Be7 9.f4
O-O 10.g4 Nc6 11.Nxc6 bxc6 12.g5 Nd7 13.f5 Re8 14.f6 Bf8 15.fxg7 Bxg7 16.Ne2 Be5
17.Nf4 Bxf4 18.Rxf4 e5 19.Rxf7 Kxf7 20.Qh5+ Ke7 21.g6 Qa7+ 22.Kh1 Kd8 23.g7 Nf6
24.Qh6 Ng4 25.Qxd6+ Bd7 26.Bg5+ Kc8 27.h3 h6 28.Be7 Nf2+ 29.Kh2 Qe3 30.Rf1 Qf4+
31.Kg1 Nxh3+ 32.Kh1 Qg3 33.Rf8 Nf2+ 34.Kg1 Qxg7 35.Rxe8+ Bxe8 36.Kxf2 Qg4
37.Qxe5 Bd7 38.Bf3 Qg8 39.Qa5 Qe6 40.Bh4 Qd6 41.Bg3 Qd4+ 42.Kg2 Ra7 43.Qa3 Be6
44.Qf8+ Qd8 45.Qxh6 Qg8 46.Qf4 Rb7 47.Be2 Rg7 48.Qb8+ Kd7 49.Qd6+ Ke8 50.Bh5+
Bf7 51.Qxc6+ Ke7 52.Qd6+ Ke8 53.Qe5+ Kd7 54.Be2 Rg6 55.Kf2 Rc6 56.Qd4+ Ke8
57.Qe5+ Kd7 58.c3 Bxa2 59.Qd4+ Kc8 60.Qe5 Kd7 61.Bf3 Bc4 62.Qd4+ Kc8 63.Qa7 Qe6
64.Qb8+ Kd7 65.Qb7+ Ke8 66.Qb8+ Kd7 67.Bf4 Rb6 68.Qc7+ Ke8 69.b4 Rc6 70.Bh5+ Kf8
71.Qd8+ Kg7 72.Qg5+ Kf8 73.Be5 Qd7 74.Bg7+ Kg8 75.Bd4+ Kh7 76.Bg4 Be6 77.Qh5+
Kg8 78.Qh8+ Kf7 79.Bh5+ Ke7 80.Qf6+ Kd6 81.Be5#

[Event "13th Dubai open 2011"]
[Site "Dubai Chess club"]
[Date "2011.04.13"]
[Round "4"]
[Board "1"]
[White "Narayanan, Srinath"]
[Black "Mamedov, Nidjat"]
[Result "1/2-1/2"]
[WhiteElo "2310"]
[BlackElo "2580"]
[PlyCount "79"]
[EventDate "2011.04.10"]
[EventRounds "9"]
[EventCountry "UAE"]

1.e4 c6 2.d4 d5 3.Nc3 dxe4 4.Nxe4 Nf6 5.Nxf6+ gxf6 6.Nf3 Bg4 7.c3 e6 8.Bd3 Bd6
9.Qe2 Nd7 10.Be3 Qa5 11.h3 Qh5 12.O-O-O O-O-O 13.c4 Bxf3 14.gxf3 Kb8 15.Kb1 c5
16.f4 Qh4 17.Be4 Bxf4 18.Qf3 Bxe3 19.fxe3 Rhg8 20.Bxb7 Qg3 21.Rhg1 Qxf3 22.Bxf3
Kc7 23.Kc2 Rg6 24.Bh5 Rh6 25.Bxf7 Rxh3 26.Bxe6 Rxe3 27.Bf5 Re2+ 28.Kc1 Re7
29.dxc5 Nxc5 30.Rxd8 Kxd8 31.Rg8+ Kc7 32.Rh8 Re1+ 33.Kd2 Rf1 34.Rxh7+ Kb6 35.Bc2
Rf2+ 36.Kd1 a5 37.Rh5 Rf1+ 38.Ke2 Ra1 39.a3 Ra2 40.Rf5

[Event "13th Dubai open 2011"]
[Site "Dubai Chess club"]
[Date "2011.04.13"]
[Round "4"]
[Board "1"]
[White "Halkias, Stelios"]
[Black "Atabayev, Yusup"]
[Result "1-0"]
[WhiteElo "2579"]
[BlackElo "2319"]
[PlyCount "67"]
[EventDate "2011.04.10"]
[EventRounds "9"]
[EventCountry "UAE"]

1.d4 Nf6 2.Nf3 g6 3.g3 Bg7 4.Bg2 O-O 5.O-O d6 6.Nc3 Nbd7 7.e4 e5 8.h3 b6 9.Re1
Bb7 10.a4 a5 11.d5 Nc5 12.Bg5 h6 13.Bd2 Kh7 14.Nh2 Nfd7 15.h4 f5 16.h5 g5
17.exf5 Rxf5 18.Ng4 Rf8 19.Be3 Bc8 20.Bxc5 Nxc5 21.Ne4 Kh8 22.c3 Bf5 23.Nxc5
bxc5 24.Be4 Qd7 25.f3 Rab8 26.Rb1 Bxe4 27.fxe4 Qf7 28.Kg2 Qxh5 29.Ne3 Qg6 30.Qg4
Rf6 31.Nf5 Bf8 32.Re2 Kg8 33.Rh1 Qe8 34.Rf2 {Game finished at move 95!}

[Event "13th Dubai open 2011"]
[Site "Dubai Chess club"]
[Date "2011.04.13"]
[Round "4"]
[Board "1"]
[White "Ter-Sahakyan, Samvel"]
[Black "Mansour, Sameer"]
[Result "1/2-1/2"]
[WhiteElo "2575"]
[BlackElo "2301"]
[PlyCount "120"]
[EventDate "2011.04.10"]
[EventRounds "9"]
[EventCountry "UAE"]

1.e4 c5 2.Nf3 Nc6 3.d4 cxd4 4.Nxd4 g6 5.Nc3 Bg7 6.Be3 Nf6 7.Bc4 O-O 8.Bb3 a5
9.O-O Nxd4 10.Bxd4 d6 11.a3 Bd7 12.Re1 a4 13.Ba2 e6 14.Nd5 Bc6 15.Nb4 e5 16.Nxc6
bxc6 17.Bc3 Re8 18.Qf3 Ra7 19.Rad1 Rd7 20.h3 d5 21.exd5 Nxd5 22.Re4 Kh8 23.Rde1
Nxc3 24.Qxc3 f5 25.Rb4 e4 26.Qxc6 Rd1 27.Qxe8+ Qxe8 28.Rxd1 h5 29.Bd5 h4 30.c4
Bf8 31.Rb7 e3 32.Re1 Bc5 33.Kf1 Qe5 34.fxe3 Bxe3 35.Re2 Qd4 36.Ke1 Qd3 37.Rxe3
Qxe3+ 38.Kd1 g5 39.Kc2 g4 40.hxg4 fxg4 41.Rb4 Qe2+ 42.Kc3 Qd1 43.Rb7 h3 44.gxh3
gxh3 45.Kb4 h2 46.Ka5 h1=Q 47.Bxh1 Qxh1 48.Rb8+ Kg7 49.Kxa4 Qc6+ 50.Kb3 Kf7
51.Rb5 Ke6 52.Rd5 Qb6+ 53.Kc3 Qe3+ 54.Kb4 Qb6+ 55.Rb5 Qd4 56.b3 Qd6+ 57.Ka4 Qa6+
58.Ra5 Qc6+ 59.Kb4 Qb6+ 60.Rb5 Qd6+

[Event "13th Dubai open 2011"]
[Site "Dubai Chess club"]
[Date "2011.04.13"]
[Round "4"]
[Board "1"]
[White "Anwesh, Upadhyaya"]
[Black "Minasian, Artashes"]
[Result "1/2-1/2"]
[WhiteElo "2432"]
[BlackElo "2558"]
[PlyCount "62"]
[EventDate "2011.04.10"]
[EventRounds "9"]
[EventCountry "UAE"]

1.d4 c5 2.e4 cxd4 3.Nf3 a6 4.Nxd4 Nf6 5.Nc3 e5 6.Nf3 Nc6 7.Bc4 Bc5 8.O-O d6
9.Bg5 h6 10.Bxf6 Qxf6 11.Nd5 Qd8 12.c3 O-O 13.b4 Ba7 14.Qe2 Be6 15.Rad1 Rc8
16.Rd2 Ne7 17.Rfd1 Ng6 18.g3 Kh8 19.Bb3 Rc6 20.Ne3 Bxe3 21.Qxe3 Qc7 22.Rd3 b5
23.Ne1 Ne7 24.Ng2 Nc8 25.Nh4 Kh7 26.Qf3 Re8 27.Qh5 g6 28.Qf3 Kg7 29.Ng2 Nb6
30.Ne3 Qe7 31.h4 h5 {Game finished at move 83!}

[Event "13th Dubai open 2011"]
[Site "Dubai Chess club"]
[Date "2011.04.13"]
[Round "4"]
[Board "1"]
[White "Anastasian, Ashot"]
[Black "Saduakassova, Dinara"]
[Result "1-0"]
[WhiteElo "2556"]
[BlackElo "2208"]
[PlyCount "103"]
[EventDate "2011.04.10"]
[EventRounds "9"]
[EventCountry "UAE"]

1.Nf3 Nf6 2.c4 e6 3.d4 d5 4.Nc3 Bb4 5.cxd5 exd5 6.Qa4+ Nc6 7.Bg5 h6 8.Bxf6 Qxf6
9.e3 O-O 10.Be2 Bxc3+ 11.bxc3 Ne7 12.O-O c6 13.c4 dxc4 14.Qxc4 Nd5 15.Qb3 Qe7
16.Rab1 Rb8 17.Rfc1 Bf5 18.Rb2 Nb6 19.a4 Rfc8 20.a5 Nd7 21.Nd2 Be6 22.Bc4 Bxc4
23.Nxc4 b6 24.axb6 axb6 25.Rbc2 Qe6 26.Qd3 Qd5 27.Nd2 c5 28.Qe4 Qxe4 29.Nxe4 Re8
30.Nd6 Red8 31.Nb5 Ra8 32.h3 cxd4 33.Nxd4 Nc5 34.Rb1 Nd7 35.Nc6 Re8 36.Rd2 Re6
37.Rxd7 Rxc6 38.Rb7 Ra6 39.g4 g6 40.Kg2 Kg7 41.Kg3 Rd6 42.h4 Re6 43.Rb8 Rf6
44.g5 Re6 45.Rb3 Rd6 46.f4 Re6 47.Rd3 hxg5 48.hxg5 Ra7 49.Rb3 Ra6 50.Kf3 Ra1
51.Rd3 Ra7 52.e4

[Event "13th Dubai open 2011"]
[Site "Dubai Chess club"]
[Date "2011.04.13"]
[Round "4"]
[Board "1"]
[White "Akopian, Vladimir"]
[Black "Zarkua, Davit"]
[Result "1/2-1/2"]
[WhiteElo "2675"]
[BlackElo "2397"]
[PlyCount "62"]
[EventDate "2011.04.10"]
[EventRounds "9"]
[EventCountry "UAE"]

1.Nf3 c5 2.e4 e6 3.b3 d6 4.Bb2 Nf6 5.Bb5+ Bd7 6.Bxd7+ Nbxd7 7.Qe2 Qc7 8.O-O Be7
9.c4 O-O 10.d4 cxd4 11.Nxd4 Rfe8 12.Nc3 d5 13.cxd5 exd5 14.Rac1 Qb8 15.Nf5 Bf8
16.Rfd1 Nb6 17.a4 dxe4 18.a5 Qf4 19.Ne3 Nbd7 20.Ncd5 Nxd5 21.Nxd5 Qh6 22.Nc7 Bd6
23.Rxd6 Qxd6 24.Nxa8 Rxa8 25.Qxe4 Nc5 26.Qf3 Rd8 27.g3 Nd3 28.Rc2 Nxb2 29.Rxb2
Qd1+ 30.Qxd1 Rxd1+ 31.Kg2 Kf8

[Event "13th Dubai open 2011"]
[Site "Dubai Chess club"]
[Date "2011.04.13"]
[Round "4"]
[Board "1"]
[White "Andriasian, Zaven"]
[Black "Nitin, S"]
[Result "1-0"]
[WhiteElo "2645"]
[BlackElo "2365"]
[PlyCount "55"]
[EventDate "2011.04.10"]
[EventRounds "9"]
[EventCountry "UAE"]

1.e4 c5 2.Nf3 d6 3.d4 cxd4 4.Nxd4 a6 5.Nc3 e6 6.Be3 b5 7.Bd3 Bb7 8.a3 Nf6 9.f4
Nbd7 10.O-O Be7 11.Qf3 Nc5 12.b4 Nxd3 13.cxd3 O-O 14.g4 Rc8 15.Rac1 g6 16.f5
gxf5 17.gxf5 e5 18.Bh6 Kh8 19.Bxf8 Bxf8 20.Nb3 Bh6 21.Rc2 d5 22.Rff2 Rxc3
23.Rxc3 dxe4 24.dxe4 Nxe4 25.Rd3 Qh4 26.f6 Bf8 27.Rd8 Qh6 28.Qh5

[Event "13th Dubai open 2011"]
[Site "Dubai Chess club"]
[Date "2011.04.13"]
[Round "4"]
[Board "1"]
[White "Zozulia, Anna"]
[Black "Ganguly, Surya Shekhar"]
[Result "1/2-1/2"]
[WhiteElo "2369"]
[BlackElo "2643"]
[PlyCount "62"]
[EventDate "2011.04.10"]
[EventRounds "9"]
[EventCountry "UAE"]

1.e4 c5 2.Nf3 e6 3.d4 cxd4 4.Nxd4 Nf6 5.Nc3 Nc6 6.Be3 d6 7.Be2 Be7 8.O-O O-O
9.f4 a6 10.Kh1 Bd7 11.Qe1 Nxd4 12.Bxd4 Bc6 13.Qg3 g6 14.Bf3 b5 15.e5 dxe5
16.Bxe5 Qc8 17.a3 a5 18.Qh4 Nd5 19.Qh6 f6 20.Nxd5 Bxd5 21.Bxd5 exd5 22.Bc3 Qf5
23.Rae1 Bd6 24.Qh4 Bc5 25.Rd1 Ra7 26.Qe1 Re7 27.Qd2 b4 28.axb4 axb4 29.Bxb4 Bxb4
30.Qxb4 Re2 31.Qd6 Rxc2

[Event "13th Dubai open 2011"]
[Site "Dubai Chess club"]
[Date "2011.04.13"]
[Round "4"]
[Board "1"]
[White "Aleksandrov, Aleksej"]
[Black "Sai, Krishna"]
[Result "1-0"]
[WhiteElo "2638"]
[BlackElo "2349"]
[PlyCount "61"]
[EventDate "2011.04.10"]
[EventRounds "9"]
[EventCountry "UAE"]

1.d4 Nf6 2.c4 g6 3.Nc3 Bg7 4.e4 d6 5.h3 O-O 6.Be3 c5 7.dxc5 Qa5 8.Bd3 dxc5 9.e5
Ne8 10.f4 Nc6 11.Nf3 f6 12.O-O Be6 13.exf6 exf6 14.f5 Bf7 15.Nd5 Nd6 16.Nd2 Nxf5
17.Bxf5 gxf5 18.Rxf5 Rfe8 19.Nxf6+ Bxf6 20.Rxf6 Bg6 21.Qg4 Ne5 22.Qg3 Rad8
23.Bh6 Qc7 24.Raf1 Qe7 25.h4 Kh8 26.h5 Bxh5 27.Rf7 Nf3+ 28.R1xf3 Qe1+ 29.Qxe1
Rxe1+ 30.Rf1 Ree8 31.Rf8+

[Event "13th Dubai open 2011"]
[Site "Dubai Chess club"]
[Date "2011.04.13"]
[Round "4"]
[Board "1"]
[White "Kuzubov, Yuriy"]
[Black "Daulyte, Deimante"]
[Result "1-0"]
[WhiteElo "2627"]
[BlackElo "2293"]
[PlyCount "77"]
[EventDate "2011.04.10"]
[EventRounds "9"]
[EventCountry "UAE"]

1.e4 e5 2.Nf3 Nc6 3.Bc4 Nf6 4.d3 h6 5.Nbd2 g6 6.c3 d6 7.Bb3 Bg7 8.Nf1 O-O 9.Ng3
d5 10.Qe2 Be6 11.O-O a5 12.Ba4 Nd7 13.Re1 Re8 14.h4 Nf8 15.Bc2 Bg4 16.h5 d4
17.Qf1 Bxf3 18.gxf3 Ne6 19.Qg2 Qf6 20.Ne2 Nf4 21.Bxf4 exf4 22.Kf1 g5 23.Ba4 Qd6
24.Red1 Reb8 25.Rac1 b5 26.Bb3 b4 27.Bd5 bxc3 28.bxc3 Ra6 29.Qh3 Rab6 30.Qf5 Rf8
31.Bxc6 Rxc6 32.cxd4 Rxc1 33.Rxc1 Bxd4 34.Nxd4 Qxd4 35.Rxc7 Qxd3+ 36.Kg2 Qa6
37.Qd5 Qf6 38.Rc6 Qg7 39.Rg6